Versicherungs- und Bausparkassenaufsicht

Gespeichert in:
Bibliographische Detailangaben
1. Verfasser: Möhring, Rudolf
Format: Buch
Sprache:Deutsch
Veröffentlicht: Frankfurt am Main Fritz Knapp Verlag 1967
Tags: Tag hinzufügen
Keine Tags, Fügen Sie das erste Tag hinzu!

MARC

LEADER 00000nam a2200000 4500
001 c122116
005 20041019155224.4
041 0 |a ger 
044 |a DE 
245 1 0 |a Versicherungs- und Bausparkassenaufsicht  |c Rudolf Möhring 
264 1 |a Frankfurt am Main  |b Fritz Knapp Verlag  |c 1967 
300 |a 80 s. 
100 1 |a Möhring, Rudolf